00306nam a2200121Ia 4500008004100000041000800041082001400049100001500063245002600078260004200104300003100146365000700177240624s9999 xx 000 0 und d aeng a338.9 GAS aGASPER DES aETHICS OF DEVELOPMENT c2005aNew DelhibVistaar Publications axix, : 255 : p. : cm. ; 21 cRS